000 00400nam a2200145 i 4500
001 78104
003 ES-MaACL
007 t|
008 041011s1920 xxu ||||1| eng d
100 1 _aHaney, Lewis H.
_961722
245 1 0 _aHistory of Economic thought /
_cby Lewis H. Haney.
260 _aNew York :
_bThe Marmillan Company,
_c1920.
300 _aXIX, 677 p. ;
_c21 cm.
852 _aES-MaACL
_jB-3988
999 _c78104
_d78104